000 00281nam a2200109Ia 4500
008 200302s9999 xx 000 0 und d
100 _aOscar Niemyer
245 _aEine legende der moderne : A Legend of modernism
260 _bBirkhauser Verlag Gmbh
260 _c2013
300 _a143
999 _c6213
_d6213